| 000 | 00502nam a2200193Ia 4500 | ||
|---|---|---|---|
| 003 | LK-CoDNM | ||
| 005 | 20240322143730.0 | ||
| 008 | 010623t1960 xxu||||| |||| 00| 1 sin d | ||
| 040 |
_aLK-CoDNM _dLK-CoDNM _eLK-CoDNM |
||
| 041 | _asin | ||
| 080 | _aකි23 | ||
| 100 | _aDe,Lal Bihari | ||
| 245 | _aවංග ජන කථා | ||
| 246 | _aVanga Jana Katha | ||
| 260 |
_bSaman Press _aMaharagama _c1960 |
||
| 300 |
_bDamaged _a223p.,18 cm |
||
| 700 |
_aUdagedara,W.Mudiyanse _eed. |
||
| 942 | _cBK | ||
| 999 |
_c105456 _d105456 |
||